Introduction to magnetism and magnetic materials (Record no. 959)

000 -LEADER
fixed length control field 00509nam a22002057a 4500
001 - CONTROL NUMBER
control field 959
003 - CONTROL NUMBER IDENTIFIER
control field BD-DhUET
008 - FIXED-LENGTH DATA ELEMENTS--GENERAL INFORMATION
fixed length control field 0
020 ## - INTERNATIONAL STANDARD BOOK NUMBER
International Standard Book Number 9780412798603
040 ## - CATALOGING SOURCE
Transcribing agency 0
Modifying agency BD-DhUET
082 ## - DEWEY DECIMAL CLASSIFICATION NUMBER
Edition number 2nd ed.
Classification number 538
Item number JIL/1998
100 ## - MAIN ENTRY--PERSONAL NAME
Personal name Jiles, David
245 ## - TITLE STATEMENT
Title Introduction to magnetism and magnetic materials
Statement of responsibility, etc. by David Jiles
260 ## - PUBLICATION, DISTRIBUTION, ETC. (IMPRINT)
Place of publication, distribution, etc. Boca Raton:
Name of publisher, distributor, etc. Taylor and Francis
Date of publication, distribution, etc. 1998
300 ## - PHYSICAL DESCRIPTION
Extent xxi,536p.
504 ## - BIBLIOGRAPHY, ETC. NOTE
Bibliography, etc Includes bibliographies
650 #0 - SUBJECT ADDED ENTRY--TOPICAL TERM
Topical term or geographic name as entry element Magnetism
650 #0 - SUBJECT ADDED ENTRY--TOPICAL TERM
Topical term or geographic name as entry element Magnetic materials
942 ## - ADDED ENTRY ELEMENTS (KOHA)
Koha item type General Book
Holdings
Location (home branch) Shelving location Koha normalized classification for sorting Piece designation (barcode) Withdrawn status Koha item type Lost status Damaged status Koha date last borrowed Koha date last seen Sublocation or collection (holding branch) Copy number Source of classification or shelving scheme Koha full call number Koha issues (times borrowed) Not for loan Price effective from Date acquired
Central Library, BUETCirculation section538_000000000000000_JIL1998110382 General Book  2019-09-232025-04-22Central Library, BUET2 538 JIL/19981 2014-08-262014-08-26
Central Library, BUETCirculation section538JIL1998110381 General Book  2024-06-022024-09-01Central Library, BUET1 538/JIL/19983 2014-10-292014-10-29